| 000 | 00953nam a2200241Ia 4500 | ||
|---|---|---|---|
| 999 |
_c40515 _d40515 |
||
| 001 | 7126 | ||
| 003 | GE_BSU | ||
| 005 | 20231107114823.0 | ||
| 008 | 181216s2010||||ge |||||||||||||| ||geo|| | ||
| 020 | _a9789941151774 | ||
| 040 | _cGE_BSU | ||
| 041 | _ageo | ||
| 080 | _a821.112.2-31 ჰ-53 | ||
| 100 |
_aჰესე, ჰერმან _920299 |
||
| 245 |
_aტრამალის მგელი : _bრომანი / _cჰერმან ჰესე ; გერმ. თარგმნა ნანა გოგოლაშვილმა. |
||
| 264 |
_aთბილისი : _bბაკურ სულაკაურის გამ-ბა, _c2010. |
||
| 300 |
_a236 გვ. ; _c22 სმ. |
||
| 490 | _aლიტერატურული ოდისეა | ||
| 541 | _h12ლ. | ||
| 653 | _aრომანი | ||
| 700 |
_aგოგოლაშვილი, ნანა _eმთარგმნელი _916467 |
||
| 942 |
_cBK _2udc |
||